| 000 | 00401nam a22001217a 4500 | ||
|---|---|---|---|
| 999 |
_c837 _d837 |
||
| 005 | 20200819110026.0 | ||
| 008 | 200819b ||||| |||| 00| 0 eng d | ||
| 020 | _a14566 | ||
| 040 | _cCML | ||
| 245 |
_aThe Judicial Process Among the Barotse of Northern Rhodesia. _cGluckman, M. |
||
| 260 |
_aManchester _bManchester University Press _c1955 |
||
| 942 |
_2ddc _cBK _e1st Edition _h340.0968 _mGLU |
||